|
|
|
|
| LEADER |
00000nam0a2200000 4500 |
| 001 |
327670 |
| 005 |
20231102004001.0 |
| 035 |
|
|
|a (RuTPU)RU\TPU\book\353355
|
| 090 |
|
|
|a 327670
|
| 100 |
|
|
|a 20170202d1899 k y0rusy50 ca
|
| 101 |
0 |
|
|a rus
|
| 102 |
|
|
|a RU
|
| 105 |
|
|
|a a z 001zy
|
| 200 |
1 |
|
|a Почвоведение
|e [журнал]
|f ред. П. Отоцкий
|h Т. 1, № 1-4
|
| 210 |
|
|
|a Санкт-Петербург
|c Типография Санкт-Петербургского акционерного общества печатного дела в России
|d 1899
|
| 215 |
|
|
|a 304 с.
|c ил.
|
| 300 |
|
|
|a В одном переплете, сплошная пагинация страниц
|
| 300 |
|
|
|a Печатано по распоряжению Императорского Вольного экономического общества
|
| 305 |
|
|
|a Основан в 1899 г.
|
| 317 |
|
|
|5 63413507: КР-2116
|a Поступил в НТБ в 2004 г. в составе книжного собрания кафедры общей геологии
|
| 320 |
|
|
|a Библиогр. в конце номеров
|
| 606 |
1 |
|
|a Почвоведение
|2 stltpush
|3 (RuTPU)RU\TPU\subj\71851
|9 85566
|
| 610 |
1 |
|
|a лесоводство
|
| 610 |
1 |
|
|a Россия
|
| 610 |
1 |
|
|a почвы
|
| 610 |
1 |
|
|a зоны
|
| 610 |
1 |
|
|a грунты
|
| 610 |
1 |
|
|a соленосность
|
| 610 |
1 |
|
|a черноземы
|
| 610 |
1 |
|
|a гидрологические наблюдения
|
| 610 |
1 |
|
|a геобиологические наблюдения
|
| 610 |
1 |
|
|a грунтовые воды
|
| 610 |
1 |
|
|a структура
|
| 610 |
1 |
|
|a плодородие
|
| 610 |
1 |
|
|a Коллекция кафедры общей геологии
|
| 610 |
1 |
|
|a дары библиотеке
|
| 675 |
|
|
|a 631.4
|v 4
|
| 702 |
|
1 |
|a Отоцкий
|b П.
|4 340
|
| 801 |
|
1 |
|a RU
|b 63413507
|c 20170202
|
| 801 |
|
2 |
|a RU
|b 63413507
|c 20220518
|g RCR
|
| 942 |
|
|
|c BK
|